"Et si ...?", Films #2 - Statistiques

Statistiques générales
  • Ce quiz a été pris 1 213 fois
  • Le résultat moyen est 4 sur 15
Statistiques - réponses
Et si ... Film % Correct
… il avait choisi la pilule bleue ? Cela aurait été particulièrement incohérent avec ses actions précédentes. Matrix
95%
… il n’avait pas eu ce prospectus ? Il aurait eu de grandes difficultés à se procurer de quoi fournir 2,21 Gigowatts. Retour vers le futur
52%
… c'était seulement gluant mais pas appétissant ? Ce serait la première fois qu’on verrait un roi avec si peu de masse. Le Roi Lion
50%
… ils étaient parvenus à déchiffrer l’énigmatique « ODIL » ? Ils en auraient tous été très contents, donc auraient eu besoin d’un sac à vomi. La Cité De La Peur
35%
… elle n’avait pas repéré un naufragé dans la brume ? Elle serait restée simple fille de gouverneur. Pirates des Caraïbes : La Malédiction du Black Pearl
35%
… il n’avait pas aperçu ce manteau rouge ? Des centaines de personnes supplémentaires seraient mortes. La Liste de Schindler
31%
… ils avaient interrompu son coma ? Son ennemie aurait gardé son scalp mais le cinéma aurait perdu une de ses scènes de combat les plus ubuesques. Kill Bill : Volume 1
23%
… elle n’était pas allée toquer chez lui ? Elle n’aurait probablement jamais appris les ficelles du « métier ». Léon
23%
… il n’avait pas sauté sur cette grenade ? Il serait probablement une tombe anonyme de plus. Captain America: First Avenger
21%
… il ne tenait pas cette étrange collection ? Elle ne serait sans doute jamais rentrée dans ce sex-shop. Le Fabuleux Destin d'Amélie Poulain
11%
… il n’avait pas été enlevé ? Les trois amis seraient sans doute restés inséparables et auraient traversé cette tragédie ensemble. Mystic River
11%
… il n’avait pas essayé avec un chat ? Il y aurait eu tout autant d’électricité dans l’air, mais leur rivalité aurait tourné en sa défaveur. Le Prestige
5%
… il n’avait pas conservé cette vidéo de son voisin ? L’un aurait gardé son domicile, l’autre la vie. American Beauty
3%
… il ne lui avait pas fait l’amour ? Elle ne répondrait plus de son corps. Top Gun
2%
… il ne lui avait pas dit de rentrer avec le producteur ? Cela aurait épargné à tout le monde cette dispute absurde. Le Mépris
0%
Aucun quiz correspondant
Distribution des résultats
% des personnes avec chaque résultat
Percentile par nombre de réponses
Votre historique - résultats
Vous n’avez pas pris ce quiz